Yossi & Jagger /
Uloženo v:
| Další autoři: | , , , , , , , , , , , , |
|---|---|
| Médium: | |
| Jazyk: | italština hebrejština |
| Vydáno: |
[Italia] :
Columbia Tristar Home Entertainment,
c2004
|
| Tagy: |
Žádné tagy, Buďte první, kdo vytvoří štítek k tomuto záznamu!
|
MARC
| LEADER | 00000ngm a22000007i 4500 | ||
|---|---|---|---|
| 001 | IT\ICCU\UBO\2428246 | ||
| 003 | ItRI | ||
| 005 | 20260124182913.0 | ||
| 008 | 040427s2004 it |||||||||||||||k|||||c | ||
| 024 | 3 | 1 | |a 8013123882202 |
| 024 | 3 | 1 | |a 8013123882400 |
| 028 | 4 | 2 | |a DC80220 |
| 028 | 4 | 2 | |a DC88240 |
| 040 | |b ita | ||
| 041 | 7 | |a ita |a heb |2 ISO-639-2 | |
| 130 | 0 | |a Yossi & Jagger <film ; 2002> |3 IT\ICCU\RAV\1215256 | |
| 245 | 0 | 0 | |a Yossi & Jagger / |c un film di Eytan Fox ; sceneggiatura Avner Bernheimer ; musica Ivri Lider ; direttore della fotografia Yaron Scharf. |
| 246 | 1 | 3 | |a Yossi & Jagger <risorsa elettronica> |9 IT\ICCU\CAG\0992578 |
| 260 | |a [Italia] : |b Columbia Tristar Home Entertainment, |c c2004 | ||
| 300 | |a 1 DVD (64 min.), sonoro (Dolby digital 5.1, stereo), color | ||
| 500 | |a Codice area 2; sistema e formato video: PAL, panoramico 1,78:1 anamorfico 16/9 | ||
| 500 | |a Tit. del contenitore | ||
| 500 | |a Film del 2002, prod. Amir Harel, & Gal Uchovsky, Israele; interpreti: Ohad Knoller, Yehuda Levi, Assi Cohen, Hani Furstenberg, Aya Koren, Erez Kahana, Yaniv Moyal, Hanan Savion e Sharon Raginiano | ||
| 500 | |a Lingue: italiano, ebraico; sottotitoli: italiano | ||
| 500 | |a Contiene: intervista a Eytan Fox e Yehuda Levi, teaser, filmografie, galleria fotografica. | ||
| 700 | 1 | |a Scharf, Yaron |0 IT\ICCU\RAVV\536039 | |
| 700 | 1 | |a Furstenberg, Hani |0 IT\ICCU\RAVV\536042 | |
| 700 | 1 | |a Koren, Aya |0 IT\ICCU\RAVV\536043 | |
| 700 | 1 | |a Kahana, Erez |0 IT\ICCU\RAVV\536044 | |
| 700 | 1 | |a Moyal, Yaniv |0 IT\ICCU\RAVV\536045 | |
| 700 | 1 | |a Savion, Hanan |0 IT\ICCU\RAVV\536046 | |
| 700 | 1 | |a Raginiano, Sharon |0 IT\ICCU\RAVV\536047 | |
| 700 | 1 | |a Knoller, Ohad |0 IT\ICCU\TO0V\526433 | |
| 700 | 1 | |a Fox, Eytan |0 IT\ICCU\UBOV\873064 | |
| 700 | 1 | |a Bernheimer, Avner |0 IT\ICCU\UBOV\873065 | |
| 700 | 1 | |a Lider, Ivri |0 IT\ICCU\UBOV\873066 | |
| 700 | 1 | |a Levi, Yehuda |0 IT\ICCU\UBOV\873068 | |
| 700 | 1 | |a Cohen, Assi |0 IT\ICCU\UBOV\873069 | |
| 790 | 1 | |a Foḳs, Aytan |3 IT\ICCU\USMV\966825 |z Fox, Eytan | |
| 942 | |2 ddc |c VM |n 0 | ||
| 952 | |0 0 |1 0 |4 0 |6 VO_1736_000000000000000 |7 0 |9 27831 |a BO |b BO |d 2026-01-24 |i 13221 |l 0 |o VO 1736 |p BO13221 |r 2026-01-24 18:29:13 |w 2026-01-24 |x [Sebina 5] [1 dvd] |y VM |z 1 dvd | ||
| 999 | |c 23593 |d 23593 | ||